[Event "Bad Woerishofen op 24th"]
[Site "Bad Woerishofen"]
[Date "2008.03.05"]
[Round "7"]
[White "Trebbin, Wolfhard"]
[Black "Tichacek, Luis"]
[Result "1-0"]
[WhiteElo "1906"]
[BlackElo "1572"]
[PlyCount "63"]
[EventDate "2008.02.28"]
[EventType "swiss"]
[EventRounds "9"]
[EventCountry "GER"]
[SourceTitle "EXT 2022"]
[Source "ChessBase"]
[SourceDate "2021.10.06"]
[SourceVersion "1"]
[SourceVersionDate "2021.10.06"]
[SourceQuality "1"]

1. d4 e6 2. Nf3 c5 3. g3 cxd4 4. Nxd4 Nc6 5. Bg2 Bc5 6. Nb3 Bb6 7. 0-0 d5 8. N1d2 Nge7 9. c4 a6 10. cxd5 exd5 11. Nf3 0-0 12. Nbd4 Ng6 13. Bg5 f6 14. Be3 Nge5 15. Nxc6 bxc6 16. Bd4 Nxf3+ 17. Bxf3 Bh3 18. Re1 Ba5 19. Bc3 Bxc3 20. bxc3 f5 21. e3 Qf6 22. Qd4 g5 23. Rab1 f4 24. exf4 Qxd4 25. cxd4 gxf4 26. Bh5 Ra7 27. Re8 fxg3 28. hxg3 Rc7 29. Rxf8+ Kxf8 30. g4 Bxg4 31. Bxg4 Rg7 32. Rb8+ 1-0

[Event "Bad Woerishofen op 24th"]
[Site "Bad Woerishofen"]
[Date "2008.03.04"]
[Round "6"]
[White "Tichacek, Luis"]
[Black "Goris, Ton"]
[Result "0-1"]
[WhiteElo "1572"]
[BlackElo "1846"]
[PlyCount "84"]
[EventDate "2008.02.28"]
[EventType "swiss"]
[EventRounds "9"]
[EventCountry "GER"]
[SourceTitle "EXT 2022"]
[Source "ChessBase"]
[SourceDate "2021.10.06"]
[SourceVersion "1"]
[SourceVersionDate "2021.10.06"]
[SourceQuality "1"]

1. d4 e6 2. c4 Nf6 3. Nc3 c5 4. Bg5 cxd4 5. Qxd4 Be7 6. Nf3 Nc6 7. Qd1 0-0 8. a3 h6 9. Bf4 d5 10. e3 a6 11. Be2 dxc4 12. Bxc4 b5 13. Bd3 Qb6 14. 0-0 Bb7 15. Rc1 Rfd8 16. Qe2 Rac8 17. Rfd1 Bf8 18. h3 Ne7 19. e4 Qa7 20. Be3 Qa8 21. Bb6 Rd6 22. Qe3 Nd7 23. Ba5 Nc6 24. e5 Ndxe5 25. Nxe5 Nxa5 26. Be4 Bxe4 27. Nxe4 Rxd1+ 28. Rxd1 Nc4 29. Nxc4 Rxc4 30. Ng3 Bc5 31. Qd3 Rd4 32. Qe2 Rxd1+ 33. Qxd1 Qd5 34. Qc2 Qc4 35. Qd2 Bd4 36. Ne2 e5 37. Nc3 Bxc3 38. bxc3 e4 39. Qd4 Qxd4 40. cxd4 a5 41. Kf1 b4 42. axb4 a4 0-1